LEADER 01194nam2-22003371i-450- 001 990004553180403321 005 20080616131327.0 035 $a000455318 035 $aFED01000455318 035 $a(Aleph)000455318FED01 035 $a000455318 100 $a19990604d1977----km-y0itay50------ba 101 1 $afre$cdan 102 $aFR 105 $a--------001cy 200 1 $aPost-scriptum définitif et non scientifique aux Miettes philosophiques$e1846$fSören Kierkegaard$gtraduction de Paul-Henri Tisseau et Else-Marie Jacquet-Tisseau 210 $aParis$cÉditions de l'Orante$d1977 215 $a2 v. (XXVIII, 279; X, 306 p.)$d22 cm 461 0$1001000802122$12001$aŒuvres complètes$v0010-11 676 $a198.9$v21$zita 700 1$aKierkegaard,$bSøren$f<1813-1855>$0385743 702 1$aTisseau,$bPaul-Henri 702 1$aJacquet-Tisseau,$bElse-Marie 801 0$aIT$bUNINA$gRICA$2UNIMARC 901 $aBK 912 $a990004553180403321 952 $aP.1 8V KIER 7 (11)$bBibl. 6520$fFLFBC 952 $aP.1 8V KIER 7 (10)$bBibl. 6520$fFLFBC 959 $aFLFBC 996 $aPost-scriptum définitif et non scientifique aux Miettes philosophiques$9548717 997 $aUNINA LEADER 00955nam0-2200325---450- 001 990008295830403321 005 20060329123941.0 010 $a90-04-12291-5 035 $a000829583 035 $aFED01000829583 035 $a(Aleph)000829583FED01 035 $a000829583 100 $a20060315d2001----km-y0itay50------ba 101 0 $aeng 102 $aNL 105 $ay-------001yy 200 1 $a<>theology of the Halakhah$fby Jacob Neusner 210 $aLeiden [etc.]$cBrill$d2001 215 $aLIV, 396 p.$d25 cm 225 1 $a<>Brill reference library of ancient Judaism$v6$x1566-1237 610 0 $aGiudaismo$aDottrine$aStoria$aFonti 676 $a296.18$v21$zita 700 1$aNeusner,$bJacob$f<1932- >$0147791 801 0$aIT$bUNINA$gRICA$2UNIMARC 901 $aBK 912 $a990008295830403321 952 $a296.18 NEU 1$bBibl. 49507$fFLFBC 959 $aFLFBC 996 $aTheology of the Halakhah$9745945 997 $aUNINA